00599 a2200181 450000100060000002000180000604000240002410000210004824000370006924500320010630000070013836200090014565000310015494200070018595201040019295201040029699900170040070506 a9788572087131 cAnchieta - Itaigara aAzevado, Ricardo10aO leão da noite estreladalpor10aO leão da noite estrelada a790 a2011 4aLiteratura infanto-juvenil cBK 00104070a88.1b88.1d2023-11-21l0o028.5 AZE LEAp4001/ITAr2023-11-21 20:05:33w2023-11-21yBK 00104070a88.1b88.1d2023-11-21l0o028.5 AZE LEAp4002/ITAr2023-11-21 20:05:33w2023-11-21yBK c70506d70506